01384 a2200193 45000010006000000050017000060080041000230030015000640400040000790800033001192450074001522640033002263000019002595050818002780410008010961000022011047000033011267000031011594517220260407155726.0260407a1960 arg spa dAR-UNSa-BCEJYS aAR-UNSa-BCEJYSbspacAR-UNSa-BCEJYS a517xAnálisis Matemático10aAnálisis Matemáticopintroducción moderna al cálculo superior 1aBarcelona :bRevertéc1960 a534 p.c22 cm. a1.Sistemas de números reales y complejos – 2. Nociones fundamentales de la teoría de conjuntos – 3. Elementos de la teoría de conjuntos de puntos – 4. Los conceptos de límite y continuidad – 5. Diferenciación de funciones de una variable real – 6. Diferenciación de funciones de varias variables – 7. Aplicaciones de la diferenciación parcial – 8. Funciones de variación acotada, curvas rectificables y conjuntos conexos – 9. Teoría de la integración de Riemann-Stieltjes – 10. Integrales múltiples e integrales de línea – 11. Análisis vectorial – 12. Series y productos infinitos – 13. Sucesiones de funciones – 14. Integrales impropias de Riemann-Stieltjes – 15. Series de Fourier e integrales de Fourier – 16. Teorema de Cauchy y cálculo de residuos.  aspa1 aApostol, Tom Mike1 aVélez Cantarell, Francisco1 aLinés Escardó, Enrique